Mappa dell'Asia Pixelata - Statistics

Statistiche generali
  • Questo quiz è stato fatto 4.189 volte
  • Il punteggio medio è 256 su 283
Risposte nella Mappa
Le risposte nella mappa del quiz sottostante sono codificate secondo una scala di colori dal rosso al verde in base alla % di persone che hanno risposto correttamente.
 
Statistiche sulle risposte
Paese % Corretto
Cina
98%
India
98%
Giappone
94%
Mongolia
94%
Arabia Saudita
91%
Corea del Nord
89%
Corea del Sud
89%
Indonesia
89%
Kazakistan
89%
Iran
87%
Pakistan
86%
Iraq
85%
Oman
83%
Sri Lanka
83%
Yemen
83%
Thailandia
82%
Turchia
82%
Vietnam
81%
Nepal
80%
Afghanistan
78%
Uzbekistan
78%
Laos
77%
Emirati Arabi Uniti
76%
Filippine
76%
Turkmenistan
76%
Siria
75%
Cambogia
71%
Malesia
71%
Tagikistan
70%
Birmania
69%
Georgia
68%
Azerbaijan
66%
Kirghizistan
65%
Giordania
64%
Nessun quiz corrispondente trovato
Distribuzione punteggi
Percentuale di utenti per punteggio
Percentile per numero di risposta
I tuoi punteggi nel tempo
Non hai fatto questo quiz